000 00299nam a22001337a 4500
008 170627b xxu||||| |||| 00| 0 eng d
020 _a9780138249625
041 _aeng
080 _23RD
_a32
100 _a21
101 _aSHP
245 _aSOVIET POLITICAL SOCIETY
_cBARADAT,L.P
942 _2udc
_cBK
999 _c19138
_d19138